Datum a čas kvízu
29
Celkem bodů
Celkový počet nahraných bodů na tomto kvízu bez doplňovacích otázek.
6.
Pořadí na kvízu
Konečné umístění týmu na tomto kvízu.
Zaznamenané odpovědi
| # | Otázka | Odpověď | Body | Výsledky |
|---|---|---|---|---|
| 1. | Na půdě Poslanecké sněmovny se... | obrázek Milady Horákové | 1 | |
| 2. | Ruské úřady zrušily po dvou le... | Telegram | 1 | |
| 3. | V sobotu se konalo odložené vy... | Jiří Černý | 1 | |
| 4. | České dráhy minulý týden vylep... | Můj vlak | 0 | |
| 5. | Aktuální sezóna fotbalové Ligy... | v Lisabonu | 0 | |
| 6. | Napište dvě řecké předpony pou... | mega, mikro | 0.5 | |
| 7. | Vzpomenete si, kolik otázek v... | 4 otázky | 1 | |
| 8. | Uveďte právní formu Milionu ch... | B | 0 | |
| 9. | V žebříčku deseti měst USA s v... | Kalifornie a Texas | 0.5 | |
| 10. | Slunce je od Země vzdáleno zhr... | 8 minut | 1 |